000 00571nam a2200181 i 4500
001 95823
003 ES-MaACL
005 20251017063056.0
007 t|
008 050606s1965 sp ||||1| spa d
100 1 _aMacabich Llobet, Isidoro,
_d1883-1973
_975047
245 1 0 _aHistoria de Ibiza. T. XI Costumbrismo /
_cpor Isidoro Macabich Llobet.
260 _aPalma de Mallorca :
_b[s.n.],
_c1965.
300 _a279 p. :
_b6 lám. ;
_c25 cm.
651 4 _aIbiza (Isla)-
_xHistoria.
_9168491
852 _aES-MaACL
_jC-29232
_bR.59577
999 _c95823
_d95823